00318nam a2200121Ia 4500008004100000041000800041082001800049100001600067245003300083260003700116300003200153365001100185240624s9999 xx 000 0 und d aeng a338.95491 JOH aJOHN WILSON aPAKISTAN THE STRUGGLE WITHIN c2009aNew DelhibPearson Longman axxvi, : 214 : p. : cm. ; 23 cRSb30